| 000 | 01962nam0a22003491 4500 | ||
|---|---|---|---|
| 001 | v19\rc\1559205 | ||
| 005 | 20260406111401.0 | ||
| 035 | _a(NLR Aleph) 004672415 | ||
| 090 |
_a3696188 _c3696188 |
||
| 100 | _a20060620d1897 |||y0rusy50 ca | ||
| 101 | 1 |
_arus _cger |
|
| 102 | _aRU | ||
| 105 | _aa z ||||| | ||
| 200 | 1 |
_aКлиническая диагностика внутренних болезней _eМикроскопич., хим. и бактериол. способы исслед. _f[Соч.] Д-ра Р. фон-Якш, проф. Ун-та в Граце _gПер. с 2-го изд.: "Klinische Diagnostik innerer Krankheiten mittels bakteriologischer, chemischer und mikroskopischer Untersuchungsmethoden von D-r Rudolf v. Jaksch", под ред. д-ра Ю.Т. Чудновского, орд. проф. Воен.-мед. акад., д-р К.Н. Пуриц и д-р Г.Ю. Явейн, ординаторы Клиники общ. терапии и диагностики при Воен.-мед. акад. |
|
| 205 | _a2-е изд., рус. | ||
| 210 |
_aСанкт-Петербург _cК.Л. Риккер _d1897 |
||
| 215 |
_a[2], 336, XXIV, 337-600 с. _cил. _d24 |
||
| 300 | _aИзд. вышло в 2 вып. | ||
| 700 | 1 |
_8rus _7ca _aЯкш _bР. фон _f1855-1947 _gРудольф фон _3RU\NLR\AUTH\77120914 _9103839 |
|
| 702 | 1 |
_4340 _8rus _7ca _aЧудновский _bЮ. Т. _f1843-1896 _gЮрий Трофимович _3RU\NLR\AUTH\77120071 _9102996 |
|
| 702 | 1 |
_4730 _8rus _7ca _aПуриц _bИ. Н. _f1859- _gИезекииль Натанович _3RU\NLR\AUTH\77112613 _995538 |
|
| 702 | 1 |
_aЯвейн _bГ.Ю. _f1863-1920 _gГеоргий Юльевич _4730 |
|
| 801 | 0 |
_aRU _bNLR _gpsbo |
|
| 801 | 0 |
_aRU _bRuMoRGB _2psbo |
|
| 801 | 1 |
_aRU _bProSoft-M _2rusmarc |
|
| 801 | 2 |
_aRU _bNLR _c20130306 _2rusmarc |
|
| 852 |
_aNLR _j20.84.6.37(1-2) |
||
| 899 |
_aRuMoRGB _jP 32/81 |
||
| 899 |
_aRuMoRGB _jS 37/1628 |
||
| 899 | _aБАН | ||
| 942 | _cBOOK | ||
| 980 | _aNB | ||